[Event "Hamburg-chT Landesliga 2122"]
[Site "Hamburg"]
[Date "2022.06.19"]
[Round "5.3"]
[White "Guindy, Esmat Susanne"]
[Black "Meier, David Geffrey"]
[Result "0-1"]
[WhiteElo "2101"]
[BlackElo "2094"]
[PlyCount "112"]
[EventDate "2021.10.31"]
[EventType "team-tourn"]
[EventRounds "9"]
[EventCountry "GER"]
[SourceTitle "EXT 2024"]
[Source "ChessBase"]
[SourceDate "2023.10.10"]
[SourceVersion "1"]
[SourceVersionDate "2023.10.10"]
[SourceQuality "1"]
[WhiteTeam "Harburg Diagonale"]
[BlackTeam "Hamburger SK IV"]
[WhiteTeamCountry "GER"]
[BlackTeamCountry "GER"]

1. c4 e6 2. d4 d5 3. g3 c6 4. Bg2 Nf6 5. Nf3 Nbd7 6. b3 Bb4+ 7. Bd2 Bd6 8. Nc3 0-0 9. 0-0 b6 10. Re1 Bb7 11. Qc2 Re8 12. e4 dxe4 13. Nxe4 Nxe4 14. Rxe4 c5 15. Rh4 Nf8 16. dxc5 Bxc5 17. Rd1 Qc7 18. Ng5 f5 19. Re1 Bxg2 20. Kxg2 Rad8 21. Nf3 Qb7 22. Qc3 Ng6 23. Kg1 Nxh4 24. Nxh4 Bd4 25. Qc2 Bf6 26. Ng2 Qd7 27. Be3 Qd3 28. Qc1 Qc3 29. Nf4 Qxc1 30. Rxc1 Bd4 31. Re1 Bxe3 32. Rxe3 Rd2 33. a4 Kf7 34. h4 g6 35. Re5 Rb2 36. Rb5 Rd8 37. a5 Rdd2 38. Nh3 h6 39. axb6 axb6 40. Rxb6 e5 41. Rb7+ Ke6 42. Rb6+ Rd6 43. Rb8 Kd7 44. Rb7+ Kc6 45. Re7 e4 46. Re5 Rxb3 47. Nf4 Rc3 48. h5 g5 49. Ng6 Rd1+ 50. Kg2 Rd2 51. Rxf5 e3 52. Ne5+ Kd6 53. Ng4 e2 54. Re5 Rxc4 55. Ne3 Rcd4 56. Re8 Kd7 0-1

[Event "Hamburg-chT Landesliga 2122"]
[Site "Hamburg"]
[Date "2022.05.07"]
[Round "7.3"]
[White "Diekmann, Jens"]
[Black "Meier, David Geffrey"]
[Result "1/2-1/2"]
[WhiteElo "2061"]
[BlackElo "2094"]
[PlyCount "55"]
[EventDate "2021.10.31"]
[EventType "team-tourn"]
[EventRounds "9"]
[EventCountry "GER"]
[SourceTitle "EXT 2023"]
[Source "ChessBase"]
[SourceDate "2022.10.05"]
[SourceVersion "1"]
[SourceVersionDate "2022.10.05"]
[SourceQuality "1"]
[WhiteTeam "Marmstorf"]
[BlackTeam "Hamburger SK IV"]
[WhiteTeamCountry "GER"]
[BlackTeamCountry "GER"]

1. c4 c6 2. Nf3 d5 3. b3 f6 4. e3 Nh6 5. d4 Nf7 6. Bb2 g6 7. Nc3 Bg7 8. Be2 0-0 9. 0-0 Bf5 10. Ne1 Na6 11. f3 Nc7 12. e4 Be6 13. Nc2 Bh6 14. Bc1 Bg7 15. Bf4 Nd6 16. Ne3 dxe4 17. fxe4 Bf7 18. Bg3 e5 19. d5 Na6 20. Qe1 Nc5 21. Bf3 a5 22. Rd1 Qe7 23. Qf2 Rac8 24. Qc2 Be8 25. Bg4 Rd8 26. a3 Na6 27. Na4 c5 28. Nc3 1/2-1/2

[Event "Hamburg-chT Landesliga 1920"]
[Site "Hamburg"]
[Date "2021.08.21"]
[Round "8.10"]
[White "Von Gleich, Alexander"]
[Black "Meier, David Geffrey"]
[Result "1-0"]
[WhiteElo "2334"]
[BlackElo "2144"]
[PlyCount "63"]
[EventDate "2019.09.29"]
[EventType "team-tourn"]
[EventRounds "9"]
[EventCountry "GER"]
[SourceTitle "EXT 2023"]
[Source "ChessBase"]
[SourceDate "2022.10.05"]
[SourceVersion "1"]
[SourceVersionDate "2022.10.05"]
[SourceQuality "1"]
[WhiteTeam "Johanneum Eppendorf"]
[BlackTeam "Hamburger SK IV"]
[WhiteTeamCountry "GER"]
[BlackTeamCountry "GER"]

1. Nf3 Nf6 2. c4 c5 3. Nc3 g6 4. d4 cxd4 5. Nxd4 Bg7 6. e4 0-0 7. Be2 Nc6 8. Be3 d6 9. 0-0 Bd7 10. Qd2 Ng4 11. Bxg4 Bxg4 12. Rac1 Bd7 13. Rfd1 Ne5 14. b3 Ng4 15. Bg5 h6 16. Be3 Nxe3 17. Qxe3 a6 18. Nf3 Rc8 19. e5 Re8 20. Nd5 Bc6 21. e6 Rf8 22. exf7+ Rxf7 23. Qe6 g5 24. Re1 Kf8 25. h4 Bd7 26. Qg6 Bf5 27. Qh5 g4 28. Rxe7 Rxe7 29. Qxf5+ Rf7 30. Qxg4 b5 31. Nd4 Bxd4 32. Qxd4 1-0

[Event "Hamburg-chT Landesliga 1920"]
[Site "Hamburg"]
[Date "2019.11.24"]
[Round "3.3"]
[White "Meier, David Geffrey"]
[Black "Thomaschke, Dirk"]
[Result "0-1"]
[WhiteElo "2131"]
[BlackElo "2141"]
[PlyCount "130"]
[EventDate "2019.09.29"]
[EventType "team-tourn"]
[EventRounds "9"]
[EventCountry "GER"]
[SourceTitle "EXT 2021"]
[Source "ChessBase"]
[SourceDate "2020.10.23"]
[SourceVersion "1"]
[SourceVersionDate "2020.10.23"]
[SourceQuality "1"]

1. d4 d5 2. c4 e6 3. Nf3 c5 4. cxd5 exd5 5. g3 Nc6 6. Bg2 Nf6 7. 0-0 Be7 8. Nc3 0-0 9. Be3 c4 10. Ne5 h6 11. h3 Bf5 12. g4 Bh7 13. f4 Bb4 14. g5 Bxc3 15. bxc3 Ne4 16. g6 Bxg6 17. f5 Bh7 18. Bxe4 dxe4 19. Qe1 f6 20. Nxc6 bxc6 21. Qg3 Kh8 22. Bf4 Qd5 23. Rab1 Bxf5 24. Qh4 Bg6 25. e3 Qh5 26. Qg3 Bf5 27. Kh2 Rf7 28. Rf2 Be6 29. Bd6 Rd8 30. Bf4 Kh7 31. Bb8 Rd5 32. Bf4 Rb5 33. Rxb5 cxb5 34. Rb2 a5 35. a3 Rb7 36. Bd6 Rd7 37. Bb8 Rd5 38. Bf4 Qg6 39. Qxg6+ Kxg6 40. Rg2+ Kf7 41. Bc7 a4 42. Bg3 Rf5 43. Bd6 Rf3 44. Rg3 Rf1 45. Bc5 g5 46. Rg2 Rc1 47. Bb4 Re1 48. d5 Bxd5 49. Bc5 Rf1 50. h4 Rf5 51. Rb2 Bc6 52. Bb6 h5 53. Rd2 Bd5 54. Rb2 Be6 55. Rg2 gxh4 56. Bd4 Rf3 57. Rb2 h3 58. Bc5 Bg4 59. Kg1 Rg3+ 60. Kh2 h4 61. Rd2 Kg6 62. Rf2 Bf3 63. Rf1 Kh5 64. Bd6 Rg2+ 65. Kxh3 Rd2 0-1

[Event "Hamburg-chT Landesliga 1819"]
[Site "Hamburg"]
[Date "2019.04.13"]
[Round "8.4"]
[White "Guindy, Esmat Susanne"]
[Black "Meier, David Geffrey"]
[Result "1-0"]
[WhiteElo "2144"]
[BlackElo "2137"]
[PlyCount "141"]
[EventDate "2018.10.21"]
[EventType "team-tourn"]
[EventRounds "9"]
[EventCountry "GER"]
[SourceTitle "EXT 2020"]
[Source "ChessBase"]
[SourceDate "2019.10.17"]
[SourceVersion "1"]
[SourceVersionDate "2019.10.17"]
[SourceQuality "1"]
[WhiteTeam "Harburg Diagonale"]
[BlackTeam "Hamburger SK IV"]
[WhiteTeamCountry "GER"]
[BlackTeamCountry "GER"]

1. c4 e5 2. g3 Nf6 3. Bg2 d5 4. cxd5 Nxd5 5. Nc3 Ne7 6. Nf3 Nbc6 7. 0-0 g6 8. d3 Bg7 9. Rb1 0-0 10. b4 a6 11. a4 Bg4 12. h3 Bd7 13. Ne4 b6 14. Bd2 Nf5 15. a5 Rb8 16. Rc1 Ncd4 17. Nxd4 Nxd4 18. axb6 cxb6 19. e3 Ne6 20. Nd6 Qe7 21. Nc4 Bb5 22. Bc3 Nd8 23. Qe2 Nc6 24. Qb2 f6 25. Rfd1 Rfd8 26. Na3 Na7 27. Nxb5 Nxb5 28. Qa2+ Kh8 29. Qxa6 Nxc3 30. Rxc3 f5 31. Rdc1 Qxb4 32. Rc7 Qa5 33. Qc4 Rf8 34. Qe6 e4 35. d4 b5 36. Qd7 Rg8 37. Bf1 Qb6 38. R1c6 Qa5 39. Rc5 Rbd8 40. Qc6 Qa8 41. Rxb5 Qxc6 42. Rxc6 Bf8 43. Bc4 Rg7 44. Be6 Ra7 45. d5 Kg7 46. g4 fxg4 47. hxg4 Kf6 48. Bf5+ Kg5 49. Bxe4 Kxg4 50. Kg2 Bd6 51. Rbb6 Bc7 52. Rb1 Bd6 53. Rbb6 Bc7 54. f3+ Kg5 55. f4+ Kh6 56. Rb1 Bd6 57. Kf3 Kg7 58. Bd3 Rf7 59. Rg1 Kf8 60. Rg4 Ke7 61. e4 Rdf8 62. e5 Bb8 63. Rb6 Ba7 64. d6+ Kd8 65. Rc6 h5 66. Rxg6 Rxf4+ 67. Ke2 Rf2+ 68. Kd1 R2f3 69. Be2 Rh3 70. e6 Rh1+ 71. Kd2 1-0

[Event "Hamburg-chT Landesliga 1617"]
[Site "Hamburg"]
[Date "2017.05.14"]
[Round "9.2"]
[White "Zart, Ruediger"]
[Black "Meier, David Geffrey"]
[Result "1/2-1/2"]
[WhiteElo "2191"]
[BlackElo "2142"]
[PlyCount "34"]
[EventDate "2016.10.16"]
[EventType "team-tourn"]
[EventRounds "9"]
[EventCountry "GER"]
[SourceTitle "EXT 2022"]
[Source "ChessBase"]
[SourceDate "2021.10.06"]
[SourceVersion "1"]
[SourceVersionDate "2021.10.06"]
[SourceQuality "1"]
[WhiteTeam "Johanneum Eppendorf"]
[BlackTeam "Hamburger SK V"]
[WhiteTeamCountry "GER"]
[BlackTeamCountry "GER"]

1. e4 d5 2. exd5 Qxd5 3. Nc3 Qa5 4. d4 Bf5 5. Nf3 Nf6 6. Bd2 e6 7. Bc4 c6 8. Qe2 Qc7 9. 0-0-0 Nbd7 10. Ne5 Bd6 11. Rhe1 h5 12. Bg5 Nb6 13. Bb3 0-0-0 14. h3 Nbd5 15. Na4 Rdf8 16. f3 Nd7 17. Nxd7 Qxd7 1/2-1/2

[Event "Hamburg-chT Landesliga 1617"]
[Site "Hamburg"]
[Date "2017.05.13"]
[Round "8.2"]
[White "Meier, David Geffrey"]
[Black "Voigt, Gerrit"]
[Result "0-1"]
[WhiteElo "2142"]
[BlackElo "2176"]
[PlyCount "137"]
[EventDate "2016.10.16"]
[EventType "team-tourn"]
[EventRounds "9"]
[EventCountry "GER"]
[SourceTitle "EXT 2022"]
[Source "ChessBase"]
[SourceDate "2021.10.06"]
[SourceVersion "1"]
[SourceVersionDate "2021.10.06"]
[SourceQuality "1"]
[WhiteTeam "Hamburger SK V"]
[BlackTeam "Eimsbuettel Union"]
[WhiteTeamCountry "GER"]
[BlackTeamCountry "GER"]

1. d4 Nf6 2. c4 e6 3. Nc3 Bb4 4. e3 b6 5. Bd3 Bb7 6. f3 c5 7. Nge2 Nc6 8. 0-0 cxd4 9. exd4 Bxc3 10. bxc3 Na5 11. Ba3 Rc8 12. c5 bxc5 13. Bxc5 Rxc5 14. dxc5 Qc7 15. Qa4 0-0 16. Rab1 Qxc5+ 17. Qd4 Rc8 18. Qxc5 Rxc5 19. Rb5 Rxb5 20. Bxb5 Bd5 21. Nf4 Bc4 22. Bxc4 Nxc4 23. Rb1 g5 24. Ne2 a5 25. Rb8+ Kg7 26. Rc8 d5 27. Nd4 Kg6 28. g4 h5 29. h3 hxg4 30. hxg4 Nd7 31. Ra8 Nde5 32. Kg2 Ne3+ 33. Kg3 N5c4 34. Nc6 f5 35. gxf5+ exf5 36. f4 g4 37. Ne5+ Kf6 38. Ra6+ Ke7 39. Nxc4 Nxc4 40. Kh4 Kf7 41. Ra7+ Ke6 42. Ra6+ Kd7 43. Kg3 Nd2 44. Rxa5 Ne4+ 45. Kg2 Nxc3 46. Rc5 d4 47. Rc4 Ne2 48. Kf2 d3 49. Rc5 g3+ 50. Kf3 g2 51. Kxg2 Nxf4+ 52. Kf3 d2 53. Kxf4 d1Q 54. Rxf5 Qd2+ 55. Ke5 Qxa2 56. Kf6 Qe6+ 57. Kg5 Qe3+ 58. Kg4 Ke6 59. Rf3 Qe4+ 60. Kg3 Ke5 61. Kf2 Qd4+ 62. Ke2 Ke4 63. Rh3 Qb2+ 64. Kf1 Qc1+ 65. Ke2 Qc2+ 66. Kf1 Kf4 67. Kg1 Qe2 68. Ra3 Qe4 69. Kh2 0-1

[Event "Oberliga Nord N 1516"]
[Site "Germany"]
[Date "2016.01.31"]
[Round "6.7"]
[White "Helms, Sven"]
[Black "Meier, David Geffrey"]
[Result "1/2-1/2"]
[WhiteElo "2051"]
[BlackElo "2154"]
[PlyCount "49"]
[EventDate "2015.09.20"]
[EventType "team-tourn"]
[EventRounds "9"]
[EventCountry "GER"]
[SourceTitle "EXT 2017"]
[Source "ChessBase"]
[SourceDate "2016.10.25"]
[SourceVersion "1"]
[SourceVersionDate "2016.10.25"]
[SourceQuality "1"]
[WhiteTeam "Schwerin"]
[BlackTeam "Hamburger SK III"]
[WhiteTeamCountry "GER"]
[BlackTeamCountry "GER"]

1. d4 d5 2. c4 dxc4 3. e3 e5 4. Bxc4 exd4 5. exd4 Nf6 6. Nf3 Bd6 7. 0-0 0-0 8. Bg5 Bg4 9. Nbd2 Nc6 10. h3 Bh5 11. Ne4 Be7 12. Ng3 Bg6 13. Re1 Nh5 14. Bxe7 Nxe7 15. Nxh5 Bxh5 16. Qb3 Nc6 17. g4 Bg6 18. Qc3 Qd6 19. d5 Ne7 20. Qe5 Nc8 21. Rac1 Qb6 22. Qd4 Qd6 23. Qe5 Qb6 24. Qd4 Qd6 25. Qe5 1/2-1/2

[Event "Oberliga Nord N 1415"]
[Site "Germany"]
[Date "2014.11.09"]
[Round "3.7"]
[White "Meier, David Geffrey"]
[Black "Boehm, Thomas1111"]
[Result "1/2-1/2"]
[WhiteElo "2153"]
[BlackElo "2126"]
[PlyCount "102"]
[EventDate "2014.09.21"]
[EventType "team-tourn"]
[EventRounds "9"]
[EventCountry "GER"]
[SourceTitle "EXT 2016"]
[Source "ChessBase"]
[SourceDate "2015.10.08"]
[SourceVersion "1"]
[SourceVersionDate "2015.10.08"]
[SourceQuality "1"]
[WhiteTeam "Hamburger SK III"]
[BlackTeam "Kiel Turm"]
[WhiteTeamCountry "GER"]
[BlackTeamCountry "GER"]

1. d4 d5 2. c4 e5 3. dxe5 d4 4. Nf3 Nc6 5. g3 Nge7 6. Bg2 Ng6 7. 0-0 Ngxe5 8. Nxe5 Nxe5 9. Nd2 Be7 10. b3 0-0 11. Bb2 c5 12. Nf3 Nc6 13. Ne1 Qc7 14. Nd3 Bg4 15. h3 Bh5 16. Nf4 Bg6 17. Nd5 Qd8 18. Qd2 Bd6 19. Rad1 Re8 20. e3 Be5 21. e4 Bd6 22. Qc2 Ne7 23. f4 Nxd5 24. cxd5 f6 25. Rfe1 Qb6 26. Kh1 Re7 27. Rd2 Rae8 28. Rde2 Qa6 29. Qc4 Qxc4 30. bxc4 d3 31. Re3 d2 32. Rd1 Bxe4 33. Bxe4 Rxe4 34. Rxe4 Rxe4 35. Rxd2 Kf7 36. Rc2 h5 37. h4 Kg6 38. Kg2 Kf5 39. Kf3 a6 40. a4 b5 41. axb5 axb5 42. cxb5 Rb4 43. Bc3 Rb3 44. Ke3 Kg4 45. Kd3 Rxb5 46. Be1 Rb1 47. Ke2 Rb3 48. Bf2 Rb5 49. Be1 Kf5 50. Ke3 Rb3+ 51. Ke2 Rb7 1/2-1/2

[Event "Oberliga Nord N 1314"]
[Site "Germany"]
[Date "2014.02.23"]
[Round "7.6"]
[White "Stanau, Guido"]
[Black "Meier, David Geffrey"]
[Result "1-0"]
[WhiteElo "2058"]
[BlackElo "2162"]
[PlyCount "129"]
[EventDate "2013.10.13"]
[EventType "team-tourn"]
[EventRounds "9"]
[EventCountry "GER"]
[SourceTitle "EXT 2015"]
[Source "ChessBase"]
[SourceDate "2014.11.20"]
[SourceVersion "1"]
[SourceVersionDate "2014.11.20"]
[SourceQuality "1"]
[WhiteTeam "Hamburg Koenigsspringer"]
[BlackTeam "Hamburger SK III"]
[WhiteTeamCountry "GER"]
[BlackTeamCountry "GER"]

1. e4 e6 2. d4 d5 3. Nc3 Bb4 4. e5 Ne7 5. a3 Bxc3+ 6. bxc3 c5 7. Qg4 Nbc6 8. Nf3 Qa5 9. Bd2 Bd7 10. Bd3 0-0-0 11. 0-0 c4 12. Be2 Nf5 13. Rfd1 Rdg8 14. Ng5 Nd8 15. f4 Ba4 16. Ra2 Qb6 17. Qf3 f6 18. Nh3 h5 19. Qf1 Nf7 20. Rb1 Qc7 21. Bf3 g5 22. fxg5 fxe5 23. Bxd5 exd5 24. Qxf5+ Qd7 25. Rf1 Nd6 26. Qxe5 Re8 27. Qf4 Re4 28. Qf6 Rhe8 29. Nf4 R4e7 30. Nxd5 Rf7 31. Qg6 Rxf1+ 32. Kxf1 Qg4 33. Ne3 Rf8+ 34. Ke1 Qf4 35. Qxh5 Qf2+ 36. Kd1 Qg1+ 37. Be1 Qxe3 38. g6 Qd3+ 39. Kc1 Qe3+ 40. Kb2 Qxe1 41. Ra1 Qf2 42. Qh3+ Kc7 43. Qh7+ Kb8 44. g7 Rc8 45. g8Q Rxg8 46. Qxg8+ Kc7 47. Qg7+ Kb6 48. Qg6 Kc7 49. Rc1 Bc6 50. Qg7+ Kb6 51. Qe5 Kc7 52. g4 Be4 53. g5 b6 54. Qh8 Qg2 55. h4 Nf5 56. Qe5+ Kb7 57. Qf4 Ng3 58. Qf7+ Ka6 59. Qxc4+ Kb7 60. Qf7+ Kc6 61. h5 Ne2 62. Qf1 Qg4 63. g6 Kd5 64. Re1 Bf3 65. g7 1-0

[Event "Oberliga Nord N 1314"]
[Site "Germany"]
[Date "2013.10.13"]
[Round "1.7"]
[White "Gottuk, Stefan"]
[Black "Meier, David Geffrey"]
[Result "0-1"]
[WhiteElo "2236"]
[BlackElo "2162"]
[PlyCount "62"]
[EventDate "2013.10.13"]
[EventType "team-tourn"]
[EventRounds "9"]
[EventCountry "GER"]
[SourceTitle "EXT 2015"]
[Source "ChessBase"]
[SourceDate "2014.11.20"]
[SourceVersion "1"]
[SourceVersionDate "2014.11.20"]
[SourceQuality "1"]
[WhiteTeam "Hamburg Diogenes"]
[BlackTeam "Hamburger SK III"]
[WhiteTeamCountry "GER"]
[BlackTeamCountry "GER"]

1. e4 e6 2. d4 d5 3. Bd3 dxe4 4. Bxe4 Nf6 5. Bf3 c5 6. Ne2 Nc6 7. Be3 Nd5 8. Bxd5 Qxd5 9. 0-0 cxd4 10. Nxd4 Nxd4 11. Qxd4 Qxd4 12. Bxd4 Bd7 13. c4 f6 14. Nc3 Bb4 15. Rac1 Rc8 16. b3 a6 17. Rfd1 e5 18. Bb6 Bf5 19. Nd5 Ba3 20. Rc3 Kf7 21. Rd2 Rc6 22. c5 Rhc8 23. g4 Bxg4 24. b4 Bxb4 25. Nxb4 Rxb6 26. Rc4 Be6 27. cxb6 Rxc4 28. Rb2 g5 29. f3 a5 30. Nc2 h5 31. Kf2 Kg6 0-1

[Event "Hamburg St Pauli op-A"]
[Site "Hamburg"]
[Date "2013.07.09"]
[Round "4"]
[White "Meier, David Geffrey"]
[Black "Moeller, Dustin"]
[Result "1-0"]
[WhiteElo "2163"]
[BlackElo "1748"]
[PlyCount "77"]
[EventDate "2013.07.06"]
[EventType "swiss"]
[EventRounds "9"]
[EventCountry "GER"]
[SourceTitle "CBM 155 Extra"]
[Source "ChessBase"]
[SourceDate "2013.08.26"]
[SourceVersion "1"]
[SourceVersionDate "2013.08.26"]
[SourceQuality "1"]

1. d4 d5 2. c4 e6 3. Nc3 Nf6 4. Nf3 Be7 5. g3 0-0 6. Bg2 dxc4 7. Ne5 c5 8. dxc5 Qxd1+ 9. Nxd1 Bxc5 10. 0-0 Nd5 11. Nxc4 Nc6 12. e4 Nb6 13. Be3 Nd4 14. Nxb6 Bxb6 15. e5 Nc2 16. Bxb6 axb6 17. Rc1 Nd4 18. Nc3 b5 19. a3 Nc6 20. f4 b4 21. axb4 Nxb4 22. Be4 Na2 23. Rc2 Nxc3 24. Rxc3 Ra4 25. Bg2 Rb4 26. Rc7 b6 27. Ra1 Rxb2 28. Bf1 Rd2 29. Bb5 Rd5 30. Ra8 Rc5 31. Bc6 Bd7 32. Rxd7 Rxa8 33. Bxa8 Kf8 34. Be4 Rb5 35. Kg2 Rb2+ 36. Kh3 b5 37. Rb7 b4 38. Rb8+ Ke7 39. Bxh7 1-0

[Event "Hamburg St Pauli op-A"]
[Site "Hamburg"]
[Date "2013.07.08"]
[Round "3"]
[White "Kollars, Dmitrij"]
[Black "Meier, David Geffrey"]
[Result "1/2-1/2"]
[WhiteElo "2026"]
[BlackElo "2163"]
[PlyCount "65"]
[EventDate "2013.07.06"]
[EventType "swiss"]
[EventRounds "9"]
[EventCountry "GER"]
[SourceTitle "CBM 155 Extra"]
[Source "ChessBase"]
[SourceDate "2013.08.26"]
[SourceVersion "1"]
[SourceVersionDate "2013.08.26"]
[SourceQuality "1"]

1. e4 e6 2. d4 d5 3. Nd2 c5 4. exd5 exd5 5. Ngf3 c4 6. b3 cxb3 7. axb3 Bd6 8. Bd3 Ne7 9. 0-0 Nbc6 10. c3 0-0 11. Re1 Bf5 12. Nf1 Re8 13. Bg5 f6 14. Bh4 Qd7 15. Bg3 Bxd3 16. Qxd3 Nf5 17. Bxd6 Nxd6 18. Ne3 Qf7 19. Nf5 Nxf5 20. Qxf5 a6 21. h4 Rad8 22. Rxe8+ Qxe8 23. Re1 Qd7 24. Qf4 Rf8 25. h5 h6 26. Nh4 Ne7 27. Qf3 Rd8 28. Ng6 Nxg6 29. hxg6 Kf8 30. Qd3 Re8 31. Rxe8+ Kxe8 32. c4 Qe6 33. cxd5 1/2-1/2

[Event "Oberliga Nord N 0708"]
[Site "Germany"]
[Date "2007.10.21"]
[Round "1.6"]
[White "Meier, David Geffrey"]
[Black "Jasnikowski, Zbigniew"]
[Result "1/2-1/2"]
[WhiteElo "2149"]
[BlackElo "2403"]
[PlyCount "117"]
[EventDate "2007.10.21"]
[EventType "team-tourn"]
[EventRounds "9"]
[EventCountry "GER"]
[SourceTitle "EXT 2009"]
[Source "ChessBase"]
[SourceDate "2008.11.26"]
[SourceVersion "1"]
[SourceVersionDate "2008.11.26"]
[SourceQuality "1"]
[WhiteTeam "Hamburger SK II"]
[BlackTeam "Neukloster"]
[WhiteTeamCountry "GER"]
[BlackTeamCountry "GER"]

1. d4 Nf6 2. c4 e6 3. Nf3 d5 4. Nc3 Be7 5. g3 0-0 6. Bg2 b6 7. 0-0 Bb7 8. Ne5 Na6 9. Qa4 Qe8 10. Qb3 Rd8 11. c5 Rb8 12. cxb6 axb6 13. Bf4 Ba8 14. Rfc1 c5 15. Nf3 Rb7 16. Nb5 Ne4 17. Nc3 c4 18. Qd1 Nxc3 19. bxc3 Ba3 20. Rcb1 b5 21. Ne1 Qe7 22. Nc2 Bd6 23. Bxd6 Qxd6 24. Nb4 Rfb8 25. e4 Ra7 26. e5 Qf8 27. a4 Nxb4 28. Rxb4 bxa4 29. Rbxa4 Rab7 30. f4 Rb3 31. Qf3 Bc6 32. Ra7 Rb1+ 33. Bf1 f5 34. exf6 Qxf6 35. Qe3 h6 36. Rxb1 Rxb1 37. Ra6 Bd7 38. Rd6 Rb7 39. Ra6 Qf5 40. Ra8+ Kh7 41. Ra1 Be8 42. Re1 Bf7 43. Qc1 Bg6 44. Qe3 Rb1 45. Qe2 Rxe1 46. Qxe1 Qc2 47. Bg2 Be4 48. Bxe4+ dxe4 49. Qe3 h5 50. Qe1 Qd3 51. Kg2 Kg6 52. Kh3 Kf5 53. Qa1 Qf3 54. Qa5+ Kg6 55. Qg5+ Kh7 56. Qe5 e3 57. d5 e2 58. dxe6 Qf1+ 59. Kh4 1/2-1/2

[Event "Hamburger Liga Aufstieg"]
[Site "Hamburg"]
[Date "2007.08.19"]
[Round "3.2"]
[White "Sternberg, Lew"]
[Black "Meier, David Geffrey"]
[Result "1-0"]
[WhiteElo "2057"]
[BlackElo "2149"]
[PlyCount "83"]
[EventDate "2007.08.13"]
[EventType "swiss"]
[EventRounds "7"]
[EventCountry "GER"]
[SourceTitle "EXT 2022"]
[Source "ChessBase"]
[SourceDate "2021.10.06"]
[SourceVersion "1"]
[SourceVersionDate "2021.10.06"]
[SourceQuality "1"]

1. e4 e6 2. d3 d5 3. Bd2 Nf6 4. Nc3 b6 5. f4 Bb7 6. Qf3 Nc6 7. Nge2 d4 8. Nd1 Nb4 9. Bxb4 Bxb4+ 10. c3 dxc3 11. bxc3 Bc5 12. Ng3 0-0 13. Be2 Qd7 14. Ne3 Qa4 15. 0-0 Rad8 16. Kh1 Qa3 17. d4 Be7 18. Ng4 Nxg4 19. Qxg4 g6 20. f5 exf5 21. Nxf5 Bc8 22. Rf3 Bxf5 23. exf5 Qb2 24. Re1 Qd2 25. Qg3 Bd6 26. Qh4 Rde8 27. fxg6 hxg6 28. Rh3 Kg7 29. Rf1 f5 30. Qh7+ Kf6 31. Rh6 Qg5 32. Bh5 Rg8 33. Bd1 Rg7 34. Rxg6+ Rxg6 35. g4 f4 36. h4 Qd5+ 37. Bf3 Qg8 38. g5+ Ke6 39. Bg4+ Kd5 40. Qd7 Re3 41. Qb5+ Ke4 42. Bf5# 1-0

[Event "Hamburg Junge op"]
[Site "Hamburg"]
[Date "2005.10.08"]
[Round "8"]
[White "Colpe, Malte"]
[Black "Meier, David Geffrey"]
[Result "1/2-1/2"]
[WhiteElo "1967"]
[BlackElo "2201"]
[PlyCount "24"]
[EventDate "2005.10.01"]
[EventType "swiss"]
[EventRounds "9"]
[EventCountry "GER"]
[SourceTitle "CBM 108 Extra"]
[Source "ChessBase"]
[SourceDate "2005.11.04"]
[SourceVersion "1"]
[SourceVersionDate "2005.11.04"]
[SourceQuality "1"]

1. d4 d5 2. c4 dxc4 3. Nf3 Nf6 4. e3 e6 5. Bxc4 a6 6. a4 c5 7. Nc3 Nc6 8. 0-0 Be7 9. dxc5 0-0 10. e4 Qxd1 11. Rxd1 Bxc5 12. h3 Na5 1/2-1/2

[Event "Hamburg Junge op"]
[Site "Hamburg"]
[Date "2005.10.07"]
[Round "7"]
[White "Meier, David Geffrey"]
[Black "Stark, Lars"]
[Result "0-1"]
[WhiteElo "2201"]
[BlackElo "2342"]
[PlyCount "56"]
[EventDate "2005.10.01"]
[EventType "swiss"]
[EventRounds "9"]
[EventCountry "GER"]
[SourceTitle "CBM 108 Extra"]
[Source "ChessBase"]
[SourceDate "2005.11.04"]
[SourceVersion "1"]
[SourceVersionDate "2005.11.04"]
[SourceQuality "1"]

1. d4 Nf6 2. c4 c5 3. d5 e5 4. Nc3 d6 5. e4 Be7 6. Bd3 Nbd7 7. Nge2 Nf8 8. Ng3 Ng6 9. 0-0 0-0 10. Nf5 Ne8 11. Qg4 a6 12. Re1 Rb8 13. a4 Bd7 14. Ra3 b6 15. Ne2 Nf6 16. Qh3 Kh8 17. g4 Ne8 18. Kh1 Bg5 19. Be3 Qf6 20. Rb1 b5 21. axb5 axb5 22. cxb5 Bxb5 23. Bxb5 Rxb5 24. Ra8 Rb4 25. Neg3 Nf4 26. Bxf4 exf4 27. Nh5 Qe5 28. f3 g6 0-1

[Event "Hamburg Junge op"]
[Site "Hamburg"]
[Date "2005.10.04"]
[Round "4"]
[White "Meier, David Geffrey"]
[Black "Schmidt Brauns, Rainer"]
[Result "1-0"]
[WhiteElo "2201"]
[BlackElo "2053"]
[PlyCount "72"]
[EventDate "2005.10.01"]
[EventType "swiss"]
[EventRounds "9"]
[EventCountry "GER"]
[SourceTitle "CBM 108 Extra"]
[Source "ChessBase"]
[SourceDate "2005.11.04"]
[SourceVersion "1"]
[SourceVersionDate "2005.11.04"]
[SourceQuality "1"]

1. d4 d5 2. c4 c6 3. Nc3 Nf6 4. Nf3 g6 5. g3 Bg7 6. Bg2 dxc4 7. Ne5 Nbd7 8. Nxc4 Nb6 9. Ne5 0-0 10. 0-0 Nbd5 11. e4 Nxc3 12. bxc3 Qa5 13. Bd2 c5 14. Nc4 Qa6 15. Ne3 cxd4 16. cxd4 Qd3 17. Bb4 Qxd1 18. Rfxd1 e6 19. e5 Ne8 20. Rab1 Rb8 21. Nc4 b6 22. Ba3 Ba6 23. Na5 Rc8 24. Nc6 Rc7 25. Rbc1 Bh6 26. f4 g5 27. Bxf8 Kxf8 28. Nb4 Be2 29. Rxc7 Bxd1 30. Rc1 Bh5 31. d5 gxf4 32. Rc8 f3 33. Bxf3 Bxf3 34. d6 Kg7 35. Rxe8 Be3+ 36. Kf1 Bc5 1-0

[Event "Hamburg Junge op"]
[Site "Hamburg"]
[Date "2005.10.03"]
[Round "3"]
[White "Gorse, Gerard"]
[Black "Meier, David Geffrey"]
[Result "1/2-1/2"]
[WhiteElo "2022"]
[BlackElo "2201"]
[PlyCount "50"]
[EventDate "2005.10.01"]
[EventType "swiss"]
[EventRounds "9"]
[EventCountry "GER"]
[SourceTitle "CBM 108 Extra"]
[Source "ChessBase"]
[SourceDate "2005.11.04"]
[SourceVersion "1"]
[SourceVersionDate "2005.11.04"]
[SourceQuality "1"]

1. d4 f5 2. g3 Nf6 3. Bg2 g6 4. Nf3 Bg7 5. 0-0 0-0 6. c4 d6 7. Nc3 Nc6 8. d5 Ne5 9. Nxe5 dxe5 10. c5 h6 11. Qb3 Kh8 12. Rd1 g5 13. Bd2 a6 14. Be1 e4 15. f3 exf3 16. exf3 f4 17. Bf2 g4 18. Bd4 Qe8 19. Re1 gxf3 20. Bxf3 fxg3 21. hxg3 Qg6 22. Kg2 Bg4 23. Re3 Bxf3+ 24. Rxf3 Rg8 25. Re1 Qg4 1/2-1/2